000 00480 a2200169 4500
003 Nust
005 20170207153431.0
040 _cNust
082 _a005.1
100 _aNasir , GC Muhammad Umair BESE-08
245 _aScalable middleware for wireless sensor networks (WSNs) (Hard / Soft-copy)
_cGC Muhammad Umair Nasir & PC Imran Haider BESE-08
260 _bMCS
_c2006
300 _a68 p
538 _aAlmirah No 71 Shelf No 5
650 _aUG Projects
651 _aUG CS Projects
942 _cTHS
999 _c186130
_d186130